000 00601nam a2200217 a 4500
999 _c9016
_d9016
003 PK-NaQUE
005 20250527142102.0
008 250527b ||||| |||| 00| 0 eng d
020 _a01377520808
020 _a9780137520800
040 _cQUEST
082 _a515.35GOLD
100 1 _aGoldberg, Jack
245 1 0 _aDifferential Equations: a systems approach
260 _aNew Jersy:
_bPrentice Hall
_c1998.
300 _aXVII,576p.
650 _aDifferential equations
700 1 _aPotter, Merle C.
856 4 0 _uhttp://10.10.170.122:8080/browse/book/27416
_yDownload eBook
942 _cBK
_2ddc